| 000 | 00776nam0a22002411 4500 | ||
|---|---|---|---|
| 001 | rc\4702472 | ||
| 005 | 20130416211557.2 | ||
| 035 | _a(NLR Aleph) 008433663 | ||
| 090 |
_a9433400 _c9433400 |
||
| 100 | _a20130416d1968 |||y0rusy50 ca | ||
| 101 | 0 | _arus | |
| 102 | _aRU | ||
| 105 | _abch z ||||| | ||
| 200 | 1 | _aЛенин и русская организация "Искры". 1900-1903 | |
| 210 |
_aМосква _cМысль _d1968 |
||
| 215 |
_a398 с., 4 л. карт. _cпортр., факс. _d18 |
||
| 700 | 1 |
_aСтепанов _bВ. Н. _gВладлен Николаевич |
|
| 702 | 1 |
_aЛенин _bВ. И. _f1870-1924 _gВладимир Ильич _4570 |
|
| 801 | 0 |
_aRU _bNLR _gpsbo |
|
| 801 | 1 |
_aRU _bELAR _2rusmarc |
|
| 852 |
_aNLR _j69-2/955 |
||
| 942 | _cBOOK | ||
| 980 | _aNB | ||